Pokemon aux stades du milieu - Statistiques

Statistiques générales
  • Ce quiz a été pris 15 fois
  • Le résultat moyen est 88 sur 117
Statistiques - réponses
Hint Réponse % Correct
1g Carabaffe
100%
1g Herbizarre
100%
1g Reptincel
100%
8g Arrozard
89%
8g Bleuseille
89%
4g Boskara
89%
1g Boustiflor
89%
4g Chimpenfeu
89%
1g Chrysacier
89%
1g Coconfort
89%
2g Crocrodil
89%
1g Draco
89%
1g ( 4g evolution , 2g pre evolution ) Elektek
89%
4g Etourvol
89%
2g Feurisson
89%
3g Flobio
89%
3g Galifeu
89%
5g Grotichon
89%
1g Kadabra
89%
8g Lapyro
89%
1g ( 2g evolution , 4g pre evolution ) Leveinard
89%
2g Macronium
89%
1g ( 4g evolution , 2g pre evolution ) Magmar
89%
3g Massko
89%
5g Mateloutre
89%
1g Nidorina
89%
1g Nidorino
89%
1g ( 1g and 2g evolution ) Ortide
89%
1g ( 2g pre evolution ) Pikachu
89%
2g ( 4g evolution , 1g pre evolution ) Porygon2
89%
4g Prinplouf
89%
1g Roucoups
89%
3g ( 4g evolution ) Teraclope
89%
1g ( 1g and 2g evolution ) Tetarte
89%
8g Badabouin
78%
6g Boguerisse
78%
6g Braisillon
78%
4g Carmache
78%
2g ( 4g evolution ) Cochignon
78%
6g Colimucus
78%
5g Colombeau
78%
6g Croaporal
78%
9g Crocogril
78%
3g Drackhaus
78%
7g Ecaid
78%
7g Effleche
78%
2g Floravol
78%
8g Fourbelin
78%
3g Galegon
78%
1g Gravalanch
78%
1g ( 2g evolution ) Hypocean
78%
3g ( 3g and 4g evolution ) Kirlia
78%
5g Lianaja
78%
3g ( 8g evolution ) Lineon
78%
3g Lombre
78%
4g Luxio
78%
1g Machopeur
78%
2g ( 3g pre evolution ) Marill
78%
7g Matoufeu
78%
9g Matourgeon
78%
5g Melancolux
78%
1g ( 2g pre evolution ) Melofee
78%
3g Metang
78%
1g ( 8g evolution , 4g pre evolution ) M.mime
78%
1g ( 2g evolution ) Nosferalto
78%
7g Otarlette
78%
3g Pifeuil
78%
5g Ponchien
78%
1g ( 4g evolution ) Rhinoferos
78%
1g ( 2g pre évolution ) Rondoudou
78%
3g ( 4g pre evolution and evolution ) Roselia
78%
6g Roussil
78%
5g ( 9g evolution ) Scalproie
78%
1g Spectrum
78%
2g ( 4g evolution ) Togetic
78%
2g ( 8g evolution ) Ursaring
78%
3g Vigoroth
78%
8g Wagomine
78%
2g Ymphect
78%
3g Armulys
67%
3g Blindalys
67%
8g Chapotus
67%
1g ( 9g évolution ) Colossinge
67%
5g Couverdure
67%
9g Cryodo
67%
5g Diamat
67%
8g Dispareptil
67%
5g Escroco
67%
5g Geolithe
67%
2g Lainergie
67%
1g ( 4g evolution ) Magneton
67%
5g Ouvrifier
67%
3g Phogleur
67%
7g Piclairon
67%
9g Pohmotte
67%
9g ( 8g pre evolution ) Pomdramour
67%
5g Scobolide
67%
5g Batracne
56%
9g Canarbello
56%
7g Candine
56%
5g Clic
56%
8g Coleodome
56%
7g Cosmovum
56%
6g Dimocles
56%
6g Floette
56%
5g Incisache
56%
5g Lamperoie
56%
5g Meios
56%
5g Mesmerella
56%
9g Olivado
56%
6g Peregrain
56%
3g Ramboum
56%
9g Amassel
44%
9g Forgella
44%
5g Sorboul
44%
3g Vibraninf
44%
7g Chrysapile
33%
Aucun quiz correspondant
Distribution des résultats
% des personnes avec chaque résultat
Percentile par nombre de réponses
Votre historique - résultats
Vous n’avez pas pris ce quiz